| 000 | 01192nam a22003491i 4500 | ||
|---|---|---|---|
| 001 | bslw10067133 | ||
| 005 | 20240305165654.0 | ||
| 006 | m o d | ||
| 007 | cr un ---uuuua | ||
| 008 | 230711s2022 cau ob 001 0 eng d | ||
| 020 | _a9781580123044 | ||
| 035 | _a38661 | ||
| 040 |
_aUtOrBLW _beng _erda _cUtOrBLW |
||
| 043 | _an-us--- | ||
| 050 | 4 |
_aKF8900 _b.A93 2022 |
|
| 082 | 0 | 4 |
_a347.7372 _223 |
| 100 | 1 |
_aAudet, William M., _d1959- _eauthor. |
|
| 245 | 1 | 0 |
_aHandling federal discovery / _cWilliam M. Audet, Kimberly A. Fanady, "David" Ling Y. Kuang. |
| 250 | _aFirst edition, revision 25. | ||
| 264 | 1 |
_aCosta Mesa, CA : _bJames Publishing, _c2022. |
|
| 300 | _a1 online resource (1 volume (various pagings)) | ||
| 336 |
_atext _btxt _2rdacontent |
||
| 337 |
_acomputer _bc _2rdamedia |
||
| 338 |
_aonline resource _bcr _2rdacarrier |
||
| 504 | _aIncludes bibliographical references and index. | ||
| 650 | 0 |
_aDiscovery (Law) _zUnited States. |
|
| 650 | 0 |
_aFederal government _zUnited States. |
|
| 700 | 1 |
_aFanady, Kimberly A., _d1960- _eauthor. |
|
| 700 | 1 |
_aKuang, Ling Y. _c("David"), _eauthor. |
|
| 856 | 4 | 0 | _uhttps://app.vlex.com/#/sources/38661 |
| 942 | _cRAA | ||
| 999 |
_c172968 _d172968 |
||